1375 1391 1143 1312 1602 1802 1916 1878 1845 1753 1091 1609 1936 1060 1303 1606 1136 1837 1748 1013 1001 1774 1684 1385 1035 1339 1268 1390 1339 1522 1782 1320 1124 1197 1304 1221 1026 1223 1646 1239 1747 1810 1526 1219 1650 1506 1868 1349 1982 1864 1757 1592 1079 1493 1424 1407 1310 1185 1416 1700 1145 1498 1032 1006 1392 1300 1956 1932 1708 1760 1157 1302 1384 1303 1892 1867 1210 1051 1211 1256 1928 1753 1449 1918 1109 1288 1845 1734 1077 1029 1040 1007 1260 1493 1115 1075 1306 1926 1513 BCNSPRNW ULIB Ver.6.0+V

เปลี่ยนเป็นภาษาไทย

Change to English
 แสดงรายละเอียดบรรณานุกรม
  กลับหน้าหลัก

Brief Record : Get Marc (ISO 2709) : E-mail record : QR code < ปิดหน้าต่าง
LEADER : 00000nam 2200000uu 4500
001    13399112666
003     ULIB
008    110830s2552||||th 000 0 tha d
020    9789742296919
050  4 K1401^bป471ท 2551
100 0  ปรีดา ยังสุขสถาพร
245 10 ทรัพย์สินทางปัญญาน่ารู้และวิธีการประเมินมูลค่า /^cโดย ปรีดา ยังสุขสถาพร
260    กรุงเทพฯ :^bสำนักงานนวัตกรรมแห่งชาติ,^c2552
300    147 หน้า
650  7 ทรัพย์สินทางปัญญา
650  7 นวัตกรรม
650  7 ลิขสิทธิ์
650  7 สิทธิบัตร
945    ^p180^l0^i023894
945    ^p180^l0^i023895
995    ทศพร
999 ^a ทศพร
รายการนี้ยังไม่มีแท็ก
คุณยังไม่ได้ล็อกอิน คุณสามารถมีกิจกรรมร่วมกับเว็บไซต์ได้ แต่ต้องล็อกอินก่อน ::
  ล็อกอิน

รายการสื่อสารสนเทศ

ลำดับที่ ประเภท เลขเรียก/บาร์โค้ด สถานที่ สถานะ
- ไม่พบข้อมูล -

รายการใกล้เคียง
    ผู้แต่ง [ปรีดา ยังสุขสถาพร]

    หัวเรื่อง [นวัตกรรม]

BibComment


ยังไม่เคยถูกคอมเมนท์

คอมเมนท์ทรัพยากรรายการนี้
  คอมเมนท์: ทรัพย์สินทางปัญญา..


 Copyright 2026. Bcnsprnw @Library